| 000 | 00652 am a2200217 a 4500 | ||
|---|---|---|---|
| 008 | |||
| 020 | _a080537440X (pbk.) | ||
| 049 | _aMAIN | ||
| 090 |
_aQA76.73.C153 _bSAV. |
||
| 100 | 1 | _aSavitch, Walter J. | |
| 245 | 1 | 0 |
_aProblem solving with C++ : _bthe object of programming / _cWalter Savitch. |
| 260 |
_aMenlo Park : _bAddison-Wesley, _cc1996. |
||
| 300 |
_axxxi, 807 p. ; _c23 cm. |
||
| 500 | _aIncludes index. | ||
| 650 | 0 | _aC++ (Computer program language) | |
| 907 |
_a.b10175039 _b21-03-12 _c09-09-05 |
||
| 003 | |||
| 005 | 20230120193602.0 | ||
| 040 | _cNUST | ||
| 942 |
_cBOOKS _kQA76.73.C153 _mSAV. |
||
| 999 |
_c101727 _d101727 |
||